000 01032cam a22002651i 4500
003 SA-RiAUC
005 20250803085129.0
008 250728s1960 su g 000r0 ara c
040 _aSA-RiAUC
_bara
_cSA-RiAUC
_erda
082 0 4 _a929.1
_qSA-RiAUC
090 _a929.1
_bج هـ ن
100 1 _aالجهني، عبد الله سلامة،
_d1349-1409 هجري
_eمؤلف.
245 1 0 _aعلم الأنساب /
_cعبد الله سلامة الجهني.
250 _aالطبعة الأولى.
264 1 _a[مكان النشر غير محدد] :
_bعبد الله سلامة الجهني،
_c[1960]
264 3 _aجدة، السعودية :
_bمطابع الأصفهاني
300 _a89 صفحة ؛
_c18 سم.
336 _aنص
_btxt
_2rdacontent
_3كتاب
337 _aبدون وسيط
_bn
_2rdamedia
338 _aمجلد
_bnc
_2rdacarrier
490 0 _aسلسلة قبائل العرب ؛
_v1
650 7 _aالأنساب العربية
_2aucsh
942 _2ddc
_cBOOK
_n0
949 _aSA-JeALM
_d250728
_uosman123
_n1
999 _c10514
_d10514